|
|
|
|
| LEADER |
00000cam a2200000 a 4500 |
| 001 |
vtls001219068 |
| 003 |
SK-MaSNL |
| 005 |
20260301234041.0 |
| 008 |
231120s1996 xo a fr 10000 slo |
| 015 |
|
|
|a SNBA1996/0902483
|
| 020 |
|
|
|a 8071480110
|c (400 výt.)
|
| 035 |
|
|
|a SNK000163027
|
| 035 |
|
|
|a urn:nbn:sk:snk-amjr4c
|
| 035 |
|
|
|a urn:nbn:sk:snk:ar-a0cgkn
|
| 035 |
|
|
|a 11ad8787-5571-46e9-9c4b-cd68c4ffc395
|
| 040 |
|
|
|a SNK
|b slo
|c SNK
|e AACR2
|
| 041 |
0 |
|
|a slo
|
| 044 |
|
|
|a xo
|c SK
|
| 080 |
|
|
|a 619:579.85(082)
|2 1981
|
| 080 |
|
|
|a 579.85(082)
|2 1981
|
| 245 |
0 |
0 |
|a Anaeróbne baktérie a infekcie
|b zborník prác z odborného seminára konaného dňa 1. marca 1995 v Košiciach pri príležitosti 70-ročného životného jubilea MVDr. Jozefa Sabu, Csc.
|c [zostavil a upravil J. Sokol]
|
| 260 |
|
|
|a Bratislava
|b Štátna veterinárna správa SR
|b Inštitút vetrinárnej hygieny a ekológie
|c 1996
|
| 300 |
|
|
|a 51 s.
|b Tab.
|c 21 cm
|
| 500 |
|
|
|a Údaj o zost. prevzatý z tiráže
|
| 504 |
|
|
|a Bibliogr. s. 48
|
| 650 |
0 |
7 |
|a anaeróbne baktérie
|2 SNK
|9 195479
|
| 650 |
0 |
7 |
|a infekcie anaeróbne
|x zborníky
|2 SNK
|9 629505
|
| 655 |
|
7 |
|a zborníky konferencií
|2 SNKPH
|9 70153
|
| 655 |
|
7 |
|a issue_zb
|2 SNK
|9 276493
|
| 700 |
1 |
|
|a Sabo, Jozef,
|d 1925-
|4 oth
|9 262531
|
| 700 |
1 |
|
|a Sokol, Jozef
|4 com
|9 284148
|
| 919 |
|
|
|a 80-7148-011-0
|
| 954 |
|
|
|a odborná, vedecká literatúra pôvodná (slovenská)
|2 lita
|
| 958 |
|
|
|a OND
|
| 958 |
|
|
|a ART
|
| 958 |
|
|
|a TL
|
| 958 |
|
|
|a NB
|
| 958 |
|
|
|a EUIPO
|
| 999 |
|
|
|c 968744
|d 970674
|
| 952 |
|
|
|t P60, <09>, [BOOK], {629}
|a SNK
|b SNK
|y NEVYP
|7 0
|o snkC 1341
|i snk2544/960807
|0 0
|1 0
|4 0
|d 1996-08-06
|l 0
|r 2005-01-01 00:00:00
|w 2026-02-24
|
| 952 |
|
|
|t P60, <03>, [BOOK], {603}
|a SNK
|b SNK
|y PREZ
|7 0
|p 17A0008034
|o snkSC 90946
|i snkKSP 6086/96
|0 0
|1 0
|4 0
|d 1996-08-06
|l 0
|r 2025-09-09 00:00:00
|w 2026-02-24
|